| 000 | 00663nam a2200205 a 4500 | ||
|---|---|---|---|
| 001 | 1196 | ||
| 003 | BR-CuiBMT | ||
| 005 | 20231207000130.0 | ||
| 008 | 231130s2016 spba 000 0 por d | ||
| 040 |
_aBR-CuiBMT _cBR-CuiBMT |
||
| 080 |
_a349.3:352 _22007 |
||
| 090 |
_a349.3:352 _bS239p |
||
| 110 | 1 |
_aSão Paulo. _bTribunal de Contas. |
|
| 245 | 1 | 0 |
_aPrevidência : _bmanual básico / _cTribunal de Contas do Estado de São Paulo. |
| 260 |
_aSão Paulo : _bTCE-SP, _c2016. |
||
| 300 |
_a85 p. : _bil. ; _c23 cm |
||
| 650 |
_aPrevidência _xAdministração pública _zBrasil |
||
| 650 |
_aSeguridade social _xAuditoria _xTribunais de contas _zBrasil |
||
| 942 |
_2udc _cLV |
||
| 999 |
_c1196 _d1196 |
||